Hriňová mapa mesta 1:15 000 : turistická mapa okolia 1:50 000
| Corporate Authors: | , |
|---|---|
| Format: | Map |
| Language: | Slovak English German Polish Hungarian Russian |
| PhysicalDescription: | 2 mapy na 1 liste fareb., obojstranná 45 x 49 cm a 45 x 49 cm, na liste 45 x 62 cm, zložené na 23 x 13 cm |
| Published: |
Banská Bystrica
Mgr. Marta Vašková - BB-MAPY
2017
|
| ISBN: | 9788089349333 |
| Edition: | 2. vyd. |
| Subjects: |
MARC
| LEADER | 00000cem a2200000 a 4500 | ||
|---|---|---|---|
| 001 | vtls011699890 | ||
| 003 | SK-MaSNL | ||
| 005 | 20260301222306.0 | ||
| 007 | aj canzn | ||
| 008 | 180116s2017 xo ajb a 1 slo | ||
| 015 | |a SNBC2017 | ||
| 020 | |a 9788089349333 |q (zložené) | ||
| 034 | 1 | |a a |b 15000 | |
| 034 | 1 | |a a |b 50000 | |
| 040 | |a SNK |b slo |c SNK |e AACR2 | ||
| 041 | 1 | |a slo |a eng |a ger |a pol |a hun |a rus | |
| 043 | |a e-xo--- | ||
| 044 | |a xo |c SK | ||
| 072 | 7 | |a 912 |x Mapy. Atlasy |2 konspekt | |
| 072 | 7 | |a 913(437) |x Geografia Česka a Slovenska, reálie, cestovanie |2 konspekt | |
| 080 | |a 913(437.6) |2 2011 | ||
| 080 | |a (084.3)796.5 |2 2011 | ||
| 080 | |a 796.51 |2 2001 | ||
| 080 | |a (084.3)911.375 |2 2011 | ||
| 110 | 2 | |a Marta Vašková - BB-MAPY (Banská Bystrica, Slovensko) |4 aut |9 338484 | |
| 245 | 1 | 0 | |a Hriňová |h kartografický dokument |b mapa mesta 1:15 000 : turistická mapa okolia 1:50 000 |c mapová časť: Marta Vašková - BB-MAPY ; fotografie a texty: Mesto Hriňová |
| 246 | 3 | 0 | |a Hriňová |b mapa mesta 1:15 000 |
| 246 | 3 | 0 | |a Hriňová |b turistická mapa okolia 1:50 000 |
| 250 | |a 2. vyd. | ||
| 255 | |a Mierka 1:15 000 | ||
| 255 | |a Mierka 1:50 000 | ||
| 260 | |a Banská Bystrica |b Mgr. Marta Vašková - BB-MAPY |c 2017 | ||
| 300 | |a 2 mapy na 1 liste |b fareb., obojstranná |c 45 x 49 cm a 45 x 49 cm, na liste 45 x 62 cm, zložené na 23 x 13 cm | ||
| 500 | |a Na rube stručný vlastivedný text | ||
| 500 | |a Obsahuje 5 doplnkových plánov: Snohy, Vrchslatina, Biele Vody, Štoliansko a Mangútovo | ||
| 504 | |a Register ulíc | ||
| 546 | |a Súbežný vlastivedný text angl. a maď. ; názvy, vysvetlivky a reg. ulíc súbežne angl., nem., poľ., maď. a rus. | ||
| 650 | 0 | 7 | |a pešia turistika |2 SNKPH |9 1059 |
| 651 | 7 | |a Hriňová (Slovensko) |2 SNKPH |9 39594 | |
| 655 | 7 | |a turistické mapy |2 SNKPH |9 70551 | |
| 655 | 7 | |a plány miest |2 SNKPH |9 70536 | |
| 655 | 7 | |a skladané mapy |2 SNKPH |9 304180 | |
| 655 | 7 | |a mapy pre verejnosť |2 SNKPH |9 304181 | |
| 710 | 1 | |a Hriňová (Slovensko). |b Mestský úrad |4 aut |4 pht |9 53749 | |
| 852 | |a Štátna vedecká knižnica v Banskej Bystrici | ||
| 919 | |a 978-80-89349-33-3 | ||
| 999 | |c 939349 |d 941279 | ||
| 952 | |a SNK |b SNK |y PREZ |7 0 |p 17A1261440 |o snkSLCm 3223 |i snk2017/15304 |8 0 |0 0 |1 0 |4 0 |d 2017-06-29 |l 0 |r 2026-02-24 09:14:06 |w 2026-02-24 | ||
| 952 | |a SNK |b SNK |y VYP |7 0 |p 17A1261441 |o snkSLCm 3223 D1 |i snk2017/15305 |8 0 |0 0 |1 0 |4 0 |d 2017-06-29 |l 0 |r 2026-02-24 09:14:06 |w 2026-02-24 | ||


